Gomphonitzschia chinensis (<Bacillariophyta, Nitzschiaceae>) en el Pacífico colombiano (Registro nro. 10970)

Detalles MARC
000 -CABECERA
Campo de control 005960000a22001690004500
090 ## - CLASIFICACIÓN LOCAL
Colección AR
Consecutivo 01893
041 0# - IDIOMA
Código de idioma para texto/pista de sonido o título separado
100 1# - ASIENTO PRINCIPAL--NOMBRE PERSONAL
Nombre personal Calderón Sáez, Eduardo
245 10 - MENCION DE TITULO
Título Gomphonitzschia chinensis (<Bacillariophyta, Nitzschiaceae>) en el Pacífico colombiano
650 14 - ASIENTO SECUNDARIO DE MATERIA - TERMINO TEMATICO
Término temático o nombre geográfico como elemento de entrada Fitoplancton
650 14 - ASIENTO SECUNDARIO DE MATERIA - TERMINO TEMATICO
Término temático o nombre geográfico como elemento de entrada Estuarios
650 14 - ASIENTO SECUNDARIO DE MATERIA - TERMINO TEMATICO
Término temático o nombre geográfico como elemento de entrada Morfología
651 #4 - ASIENTO SECUNDARIO DE MATERIA - NOMBRE GEOGRAFICO
-- Bahia de Buenaventura
-- Tumaco
-- Chocó
-- Colombia
653 ## - TERMINO DE INDIZACION - NO CONTROLADO
-- Nitzschiaceae
-- Gomphonitzschia
-- Gomphonitzschia chinensis
773 1# - Item fuente:
Título Cryptogamie: Algologie
Especificación de materiales 633
Descripción física 49
Paginas del Articulo 267-269
Lugar, editorial y fecha de publicación 1981
Información sobre la relación 2
942 ## - ELEMENTOS ADICIONALES (KOHA)
Tipo de ítem Artículo
Existencias
Withdrawn status Lost status Damaged status No para préstamo Colección Ubicación Permanente Ubicación actual Fecha de adquisición Datos de publicación Seriada Total Checkouts Número topográfico Inventario / Código de Barras Date last seen Ejemplar Price effective from Forma de adquisición Tipo de material
      No para Préstamo Hemeroteca Bogotá Bogotá 27/02/2015 Fuera de circulación   AR 01893 012261 25/03/2015 1 25/03/2015   Artículo